Christianity and civil society : (Record no. 23706)

MARC details
000 -LEADER
fixed length control field 01576cam a2200397 a 4500
001 - CONTROL NUMBER
control field 2108469
005 - DATE AND TIME OF LATEST TRANSACTION
control field 20260507124043.0
008 - FIXED-LENGTH DATA ELEMENTS--GENERAL INFORMATION
fixed length control field 960820s1996 pau b 001 0 eng
010 ## - LIBRARY OF CONGRESS CONTROL NUMBER
LC control number 96042499
020 ## - INTERNATIONAL STANDARD BOOK NUMBER
International Standard Book Number 1563381753
020 ## - INTERNATIONAL STANDARD BOOK NUMBER
International Standard Book Number 9781563381751
035 ## - SYSTEM CONTROL NUMBER
System control number 2108469
040 ## - CATALOGING SOURCE
Original cataloging agency DLC
Transcribing agency DLC
Modifying agency DLC
043 ## - GEOGRAPHIC AREA CODE
Geographic area code n-us---
050 00 - LIBRARY OF CONGRESS CALL NUMBER
Classification number BR516
Item number .W88 1996
082 00 - DEWEY DECIMAL CLASSIFICATION NUMBER
Classification number 261.7
Edition number 20
Item number WUT
100 1# - MAIN ENTRY--PERSONAL NAME
Personal name Wuthnow, Robert.
245 10 - TITLE STATEMENT
Title Christianity and civil society :
Remainder of title the contemporary debate
Statement of responsibility, etc. Robert Wuthnow.
260 ## - PUBLICATION, DISTRIBUTION, ETC.
Place of publication, distribution, etc. Valley Forge, Pa. :
Name of publisher, distributor, etc. Trinity Press International,
Date of publication, distribution, etc. c1996.
300 ## - PHYSICAL DESCRIPTION
Extent vii, 103 p. ;
Dimensions 24 cm.
336 ## - CONTENT TYPE
Content type term text
Content type code txt
Source rdacontent
337 ## - MEDIA TYPE
Media type term unmediated
Media type code n
Source rdamedia
338 ## - CARRIER TYPE
Carrier type term volume
Carrier type code nc
Source rdacarrier
490 1# - SERIES STATEMENT
Series statement The Rockwell lecture series
504 ## - BIBLIOGRAPHY, ETC. NOTE
Bibliography, etc. note Includes bibliographical references and index.
650 #0 - SUBJECT ADDED ENTRY--TOPICAL TERM
Topical term or geographic name entry element Church and state
Geographic subdivision United States
General subdivision History
Chronological subdivision 20th century.
650 #0 - SUBJECT ADDED ENTRY--TOPICAL TERM
Topical term or geographic name entry element Church and social problems
Geographic subdivision United States
General subdivision History
Chronological subdivision 20th century.
651 #0 - SUBJECT ADDED ENTRY--GEOGRAPHIC NAME
Geographic name United States
General subdivision Church history
Chronological subdivision 20th century.
651 #0 - SUBJECT ADDED ENTRY--GEOGRAPHIC NAME
Geographic name United States
General subdivision Politics and government
Chronological subdivision 20th century.
830 #0 - SERIES ADDED ENTRY--UNIFORM TITLE
Uniform title Rockwell lecture series (Valley Forge, Pa.)
856 42 - ELECTRONIC LOCATION AND ACCESS
Materials specified Contributor biographical information
Uniform Resource Identifier <a href="http://www.loc.gov/catdir/enhancements/fy1117/96042499-b.html">http://www.loc.gov/catdir/enhancements/fy1117/96042499-b.html</a>
906 ## - LOCAL DATA ELEMENT F, LDF (RLIN)
a 7
b cbc
c orignew
d 1
e ocip
f 19
g y-gencatlg
942 ## - ADDED ENTRY ELEMENTS (KOHA)
Source of classification or shelving scheme Dewey Decimal Classification
Koha item type Books
Suppress in OPAC No
Holdings
Withdrawn status Lost status Source of classification or shelving scheme Damaged status Not for loan Home library Current library Shelving location Date acquired Source of acquisition Cost, normal purchase price Total checkouts Full call number Barcode Date last seen Price effective from Koha item type
    Dewey Decimal Classification     Henry Martyn Institute Library Henry Martyn Institute Library General stacks 05/07/2026 Kohinoor Book Distributor 2307.00   261.7 WUT 26029 05/07/2026 05/07/2026 Books
                   Copyright © 2026 | Henry Martyn Institute | Hyderabad | TS-500052 | INDIA | Implemented by hmi.edu.in
Hit-Count:

Powered by Koha